000 01457cam a22003977a 4500
003 CHAP
005 20220817043714.0
008 000914d1999 es r 00110 esp d
010 _a82239
011 _a83211
020 _a8471148099
035 _a93722
040 _cCHAP
082 0 4 _a620.8
_bS47
100 0 0 _aSeoánez Calvo, Mariano.
_9104436
245 1 0 _aManual de gestión medioambiental de la empresa :
_bsistemas de gestión medioambiental, auditorías medioambientales, evaluaciones de impacto ambiental y otras estrategias
_c/por Mariano Seoánez Calvo e Irene Angulo Aguado
260 _aMéxico, D. F. :
_bMundi-Prensa,
_c1999.
300 _a515 p.
490 0 _aIngeniería del medio ambiente
590 _aBATCH-UPD
_b10
_c20130110
_lUCH01
_h0446
590 _aBATCH-UPD
_b10
_c20130110
_lUCH01
_h2254
590 _aBATCH-UPD
_b10
_c20130410
_lUCH01
_h0123
590 _aBATCH-UPD
_b10
_c20130410
_lUCH01
_h1547
590 _aBATCH-UPD
_b10
_c20130914
_lUCH01
_h0333
590 _aCONVERSION
_b10
_c20130109
_lUCH01
_h1346
650 1 4 _aDesarrollo sustentable.
650 1 4 _aEmpresas.
_936635
650 1 4 _aImpacto ambiental.
_957465
650 1 4 _aIngeniería ambiental.
_958207
700 0 _aAngulo Aguado, Irene.
_95826
830 0 0 _aIngeniería del medio ambiente
_958221
901 _aBK
905 _aLilia Sánchez G.
942 _cLIBRO
949 _a620.8 S47
_bBC
_cLIBRO
_d33724000785671
_eLIBRO
_gI.206423
_h98758
_i93722
_si
_t$463.25
999 _c82239
_d82239